000 00570nam a2200205 a 4500
005 20140414132129.0
008 130604s19uu xx 00 eng d
020 _a0328700886
050 _aTR 372.4
_bF716 201_?
100 _aForesman, Scott
245 _aReader's and Writer's Notebook : Reading Street Grade 3 Volume 1.
250 _aInternational
260 _aUnited States :
_bPearson Education,
_c201_?.
300 _a246
440 _aReading Street
650 _aReading-
650 _aReading-study and teaching
999 _c115255
_d115255